El Salvador: el fracaso de la reforma agraria en 1980 (segunda parte)
Sábháilte in:
| Formáid: | Téacs |
|---|---|
| Ábhair: | |
| Clibeanna: |
Cuir clib leis
Níl clibeanna ann, Bí ar an gcéad duine le clib a chur leis an taifead seo!
|
MARC
| LEADER | 00000 a a2200000 04500 | ||
|---|---|---|---|
| 001 | 18040 | ||
| 003 | |||
| 040 | |||
| 245 | |a El Salvador: |b el fracaso de la reforma agraria en 1980 (segunda parte) | ||
| 650 | |a REFORMA AGRARIA | ||
| 650 | |a ECONOMIA | ||
| 650 | |a CAMPESINADO | ||
| 650 | |a EL SALVADOR | ||
| 773 | |g volumen 5, número 16; (1981) páginas 186-187 | ||
| 999 | |c 36797 |d 36797 | ||
| 773 | 0 | |0 42391 |9 3898 |a Agencia Latinoamericana de Información, ALAI |d Quito, Ecuador: ALAI |o 04445 |t ALAI: |x 08275564 (Servicio mensual de información y documentación) | |
